| 000 | 00867cad a22002295a 4500 | ||
|---|---|---|---|
| 001 | L155771 | ||
| 008 | 120416s20120416 d f s 000 0 eng u | ||
| 035 | _a(Sirsi) u155771 | ||
| 041 | 0 | _aeng | |
| 050 | _a333.33 $2 18 | ||
| 110 | 2 | _aRightmove | |
| 245 | 0 | 0 |
_aLondon and South West help national asking prices to new record _h[electronic resource] |
| 260 |
_aLondon _bRightmove _c2012 |
||
| 490 | 0 | 0 |
_aRightmove House Price Index _vApril 2012 |
| 520 | _aNew sellers increase average asking prices by 2.9%. London and South West are helping to push average prices to a record high. | ||
| 590 | _aKA | ||
| 650 | 2 | 4 | _aRIGHTMOVE HOUSE PRICE INDEX |
| 651 | 4 |
_aUnited Kingdom _y |
|
| 690 |
_aResidential property _96266 |
||
| 856 | 4 | 0 |
_uhttps://www.rightmove.co.uk/news/files/2012/04/april-2012.pdf _zView the item free of charge at www.rightmove.co.uk |
| 942 | _n0 | ||
| 999 |
_c113810 _d113810 |
||